Hospodárska korešpondencia pre 4. ročník OA

Bibliographic Details
Main Authors: Jancíková, Ľudmila (Author), Kotrusová, Mária (Author)
Format: Book
Language:Slovak
PhysicalDescription:159 s. sch., tab. 29 cm
Published: Bratislava Elán 2003
ISBN:8085331381
Edition:4. opr. vyd.
Subjects:

MARC

LEADER 00000nam a2200000 a 4500
001 vtls001460320
003 SK-MaSNL
005 20260301014608.0
008 240313s2003 xo a gr slo
015 |a SNBA2004/01-00245 
020 |a 8085331381 
035 |a SNK000415627 
035 |a urn:nbn:sk:snk-amyf4a 
035 |a urn:nbn:sk:snk-am00ce5w 
035 |a D7CEE329-04D3-407E-9F29-F9B34932269A 
040 |a SNK  |b slo  |c SNK  |e AACR2 
041 0 |a slo 
044 |a xo  |c SK 
072 7 |a 005.91:82-6  |x Úradná korešpondencia  |2 konspekt 
072 7 |a 003.05  |x Písanie a stenografia  |2 konspekt 
080 |a 651.75  |2 1981 
080 |a 651.923  |2 1981 
080 |a 651.923:004  |2 1981 
080 |a 651  |2 1981 
080 |a (075.3)  |2 1981 
100 1 |a Jancíková, Ľudmila  |4 aut  |9 303147 
245 1 |a Hospodárska korešpondencia pre 4. ročník OA  |c Ľudmila Jancíková, Mária Kotrusová 
250 |a 4. opr. vyd. 
260 |a Bratislava  |b Elán  |c 2003 
300 |a 159 s.  |b sch., tab.  |c 29 cm 
504 |a Bibliogr. s. 152. Zoz. ukážok 
650 0 7 |a obchodná korešpondencia  |2 SNKPH  |9 878 
650 0 7 |a písanie na stroji  |2 SNKPH  |9 30934 
650 0 7 |a písanie na počítači  |2 SNKPH  |9 67679 
650 0 7 |a administratíva  |2 SNKPH  |9 642 
655 7 |a učebnice  |2 SNKPH  |9 22521 
655 7 |a učebnice stredných škôl  |2 SNKPH  |9 69323 
700 1 |a Kotrusová, Mária  |4 aut  |9 303148 
919 |a 80-85331-38-1 
958 |a OND 
968 |d 65 
999 |c 558837  |d 560767 
952 |t P60, <03>, [BOOK], {603}  |a SNK  |b SNK  |y PREZ  |7 0  |p 17A0399936  |o snkSB 67299  |i snkKSP 12291/2003  |0 0  |1 0  |4 0  |d 2003-09-24  |f 1  |l 0  |r 2025-04-16 00:00:00  |w 2026-02-23 
952 |t P60, <04>, [BOOK], {604}  |a SNK  |b SNK  |y VYP  |7 0  |p 17A0399935  |o snkSB 67299 D1  |i snkKSP 12292/2003  |0 0  |1 0  |4 0  |d 2003-09-24  |l 0  |r 2005-01-02 00:00:00  |w 2026-02-23